Hosts of Jeopardy! - Statistics

General Stats
  • This quiz has been taken 19 times
  • The average score is 4 of 5
Answer Stats
Picture Answer % Correct
Alex Trebek
100%
Ken Jennings
100%
Mayim Bialik
69%
Art Fleming
56%
Mike Richards
31%
No matching quizzes found
Score Distribution
Percent of People with Each Score
Percentile by Number Answered
Your Score History
You have not taken this quiz